01431nam a22002897a 45000010005000000030006000050050017000110080041000280200018000690400029000870500014001160820010001301000017001402450063001572600048002203000043002684900030003115050008003415200515003495210030008645210020008946500034009147000038009489420015009869990015010019520125010164846FISKH20241017152606.0241017b cb ||||| |||| 00| 0 eng d a9780194794206 aFISKHbengcFISKHdFISKH aPE1126.A4 a428.6 aWest, Clare  aGazing at Stars: Stories from Asia /cRetold by Clare West aOxford :bOxford University Press ;c2003 . a119 pages :billustrations ;c21 cm .  aOxford Bookworms vBook 6 aS  aHow fair is fair trade? When the American models leave the Malaysian island after their fashion shoot, they take away more than just photographs, and leave behind a family that will never be the same again.Bookworms World Stories collect stories written in English from around the world. These stories from China, India, Malaysia, and Singapore, are by writers Lui Hong, Attia Hosain, Preeta Samarasan, Hwee Hwee Tan, Ridjal Noor, Shashi Deshpande, Ovidia Yu, Nora Adam, Nirupama Subramanian, and CatherineLim.8 a790 bLexile estimate 8 aS bRaz-Plus  aold wedding ceremonyvfiction aBassett, JennifereSeries Editor  2ddccBKn0 c4846d4846 00102ddc40708FICa001b001cSBSd2024-10-17l0oWES 428.6 PE1126.A4pFISSE03166r2024-10-17 15:26:01w2024-10-17yBK